Introduction to electronic analogue computers /
Guardado en:
| Autor Principal: | |
|---|---|
| Formato: | Libro |
| Idioma: | English |
| Publicado: |
New York :
Pergamon Press,
1956.
|
| Edición: | [2d rev. impression] |
| Series: | Pergamon science series. Electronics and waves, a series of monographs
|
| Etiquetas: |
Agregar Etiqueta
Sin Etiquetas, Sea el primero en etiquetar este registro!
|
| LEADER | 00561nam a22001695a 4500 | ||
|---|---|---|---|
| 001 | MAT.inmabb000756 | ||
| 008 | 031119s1956####nyu###########001#0#eng#d | ||
| 005 | 20170804152805.0 | ||
| 245 | 1 | 0 | |a Introduction to electronic analogue computers / |c C.A.A. Wass. |
| 250 | |a [2d rev. impression] | ||
| 260 | |a New York : |b Pergamon Press, |c 1956. | ||
| 300 | |a x, 237 p. | ||
| 440 | 0 | |a Pergamon science series. |p Electronics and waves, a series of monographs | |
| 510 | 4 | |a MR, |c MR0076469 | |
| 100 | 1 | |a Wass, C. A. A. | |
| 084 | |a 68-XX |2 msc2000 | ||
| 859 | |h 68 |i W321-2 |p A-564 |b BIB. MATEMATICA | ||
